| 000 | 00519cam a2200205ua 4500 | ||
|---|---|---|---|
| 001 | 12227 | ||
| 005 | 20260515114842.0 | ||
| 008 | 200311n ii |||gr||||Z||||||eng | ||
| 020 | _a9789332575585 | ||
| 040 | _cMAIN | ||
| 082 | _a150 | ||
| 100 |
_aAnne Anastasi, _eAuthor. |
||
| 245 |
_aPsychological testing _cBy Anne Anastasi and Susana Urbina |
||
| 250 | _a3rd imp. | ||
| 260 |
_aUttar Pradesh: _bPearson, _c2018. |
||
| 300 | _a628p. | ||
| 653 | _aPsychology | ||
| 700 |
_aSusana Urbina, _eAuthor. |
||
| 942 | _cBK | ||
| 999 |
_c10974 _d10974 |
||